Ảnh hưởng của các mức năng lượng trao đổi và một số acid amin thiết yếu lên sinh trưởng và chất lượng thịt của gà H'Mông (Luận ám tiến sĩ Nông Nghiệp Chuyên ngành Chăn Nuôi)
Khảo sát ảnh hưởng của các mức năng lượng trao đổi và một số acid amin thiết yếu lên sinh trưởng và chất lượng thịt của gà H'Mông
में बचाया:
| मुख्य लेखक: | |
|---|---|
| स्वरूप: | पुस्तक |
| भाषा: | Undetermined |
| प्रकाशित: |
Cần Thơ
Đại học Cần Thơ
2014
|
| विषय: | |
| टैग : |
टैग जोड़ें
कोई टैग नहीं, इस रिकॉर्ड को टैग करने वाले पहले व्यक्ति बनें!
|
| Thư viện lưu trữ: | Trung tâm Học liệu Trường Đại học Cần Thơ |
|---|
| LEADER | 01123nam a2200229Ia 4500 | ||
|---|---|---|---|
| 001 | CTU_195966 | ||
| 008 | 210402s9999 xx 000 0 und d | ||
| 082 | |a 636.5085 | ||
| 082 | |b H513 | ||
| 088 | |a 62620105 | ||
| 100 | |a Lâm, Thái Hùng | ||
| 245 | 0 | |a Ảnh hưởng của các mức năng lượng trao đổi và một số acid amin thiết yếu lên sinh trưởng và chất lượng thịt của gà H'Mông | |
| 245 | 0 | |b (Luận ám tiến sĩ Nông Nghiệp Chuyên ngành Chăn Nuôi) | |
| 245 | 0 | |c Lê Thị Hoa ; Võ Văn Sơn (Người hướng dẫn khoa học) | |
| 260 | |a Cần Thơ | ||
| 260 | |b Đại học Cần Thơ | ||
| 260 | |c 2014 | ||
| 520 | |a Khảo sát ảnh hưởng của các mức năng lượng trao đổi và một số acid amin thiết yếu lên sinh trưởng và chất lượng thịt của gà H'Mông | ||
| 650 | |a Gia cầm,Poultry | ||
| 650 | |x Thức ăn,Feeding and feeds | ||
| 910 | |a Nguyên | ||
| 980 | |a Trung tâm Học liệu Trường Đại học Cần Thơ | ||